| 000 | 00617cac a22001811u 4500 | ||
|---|---|---|---|
| 008 | 081117t2000 at |||||r|||| 001 0 eng d | ||
| 010 | _a99067541 | ||
| 020 | _a0030224187 | ||
| 082 | 0 | 0 |
_a650.14 _bGRE _222 |
| 100 |
_aGreenhaus, Jeffrey H. _933553 |
||
| 245 | 1 | 0 |
_aCareer management / _cJeffrey H. Greenhaus, Gerard A. Callanan, Veronica M. Godshalk. |
| 250 | _a3rd ed. | ||
| 260 |
_aAustralia : _bThomson/South-Western, _cc2000. |
||
| 300 |
_axxix, 491 p. : _bill. ; _c24 cm. |
||
| 504 | _aIncludes bibliographical references and index. | ||
| 650 | 0 |
_aVocational guidance. _933554 |
|
| 942 |
_cBB _k650.14GRE _2ddc |
||
| 999 |
_c1117 _d1117 |
||